LEADER 02774nam 2200469 450 001 9910820148603321 005 20200520144314.0 010 $a1-118-98550-8 010 $a1-119-01477-8 035 $a(CKB)4330000000008030 035 $a(MiAaPQ)EBC4802526 035 $a(Au-PeEL)EBL4802526 035 $a(CaPaEBR)ebr11341500 035 $a(OCoLC)973831206 035 $a(PPN)232806519 035 $a(EXLCZ)994330000000008030 100 $a20170223h20172017 uy 0 101 0 $aeng 135 $aurcnu|||||||| 181 $2rdacontent 182 $2rdamedia 183 $2rdacarrier 200 00$aPractical periodontal plastic surgery /$fedited by Serge Dibart 205 $aSecond edition. 210 1$aChichester, England :$cWiley Blackwell,$d2017. 210 4$dİ2017 215 $a1 online resource (433 pages) $cillustrations 311 $a1-118-98548-6 311 $a1-118-36065-6 320 $aIncludes bibliographical references at the end of each chapters and index. 327 $aDefinition and objectives of periodontal plastic surgery / Serge Dibart, Mamdouh Karima, and Drew Czernick -- Surgical armamentarium, sutures, anesthesia, and postoperative management / Serge Dibart -- Introduction to microsurgery and training / Ming Fang Su and Yu-Chuan Pan -- Periodontal microsurgery / James Belcher -- Free gingival autograft / Serge Dibart -- Subepithelial connective tissue graft / Serge Dibart and Mamdouh Karima -- Pedicle grafts : rotational flaps and double-papilla procedure / Serge Dibart and Mamdouh Karima -- Pedicle grafts : coronally advanced flaps / Serge Dibart, Ronaldo Santana -- Aesthetic and morphometric evaluation of the periodontium / Ronaldo Santana -- Enamel matrix derivative : emdogain / Ronaldo Santana -- Guided tissue regeneration / Serge Dibart -- Acellular dermal matrix graft (alloderm) / Serge Dibart -- Labial frenectomy alone or in combination with a free gingival autograft / Serge Dibart and Mamdouh Karima -- Preprosthetic ridge augmentation : hard and soft / Serge Dibart and Luigi Montesani -- Exposure of impacted maxillary teeth for orthodontic treatment / Serge Dibart -- Soft tissue management around dental implants / Diego Capri -- Improving patients' smiles: aesthetic crown-lengthening procedure / Serge Dibart and Lorenzo Montesani -- Minimally invasive facial esthetic procedures / Bradford Towne -- Selection criteria / Serge Dibart and Mamdouh Karima. 606 $aPeriodontium$xSurgery 615 0$aPeriodontium$xSurgery. 676 $a617.6/32059 702 $aDibart$b Serge 801 0$bMiAaPQ 801 1$bMiAaPQ 801 2$bMiAaPQ 906 $aBOOK 912 $a9910820148603321 996 $aPractical periodontal plastic surgery$94086474 997 $aUNINA